000 00503nam a2200181Ia 4500
008 240925s9999 xx 000 0 und d
020 _a8178083477
082 _a629.8312 HOP
100 _aHopcroft, E. John
245 0 _aIntroduction to Automata Theory, Languages and Computation
250 _a2nd
260 _aSingapore:
_bPearson education
_c,2001.
300 _axii,664p.
_bNA
_fOriginal
500 _aIncludes Index
600 _aElectronic Engineering
650 _aTechnology
942 _cBK
999 _c6885
_d6885